[Event "IECC O-1895"]
[Site "IECC email"]
[Date "2004.02.18"]
[Round "?"]
[White "Iversen, David"]
[Black "MacDonald, Weldon"]
[Result "1-0"]
[WhiteElo "1464"]
[BlackElo "1485"]
[PlyCount "35"]
[EventDate "2004.??.??"]
[EventType "swiss (corr)"]
[EventRounds "2"]
[SourceTitle "Corr 2020"]
[Source "ChessBase"]
[SourceDate "2019.09.30"]
[SourceVersion "1"]
[SourceVersionDate "2019.09.30"]
[SourceQuality "1"]
[WhiteTeam "United States"]
[BlackTeam "United States"]
[WhiteTeamCountry "USA"]
[BlackTeamCountry "USA"]

1. c4 e6 2. Nc3 d5 3. d4 c6 4. Bf4 dxc4 5. e3 b5 6. a4 Qb6 7. Nf3 Nf6 8. Be2 Bb4 9. 0-0 Bxc3 10. bxc3 Nd5 11. Qc2 Nxf4 12. exf4 h6 13. Rfb1 Qc7 14. axb5 cxb5 15. Rxb5 Qxf4 16. Ne5 Nd7 17. g3 Qf6 18. Qe4 1-0

[Event "IECC O email"]
[Site "IECC email"]
[Date "2003.07.10"]
[Round "?"]
[White "Campbell, Christopher"]
[Black "Iversen, David"]
[Result "0-1"]
[WhiteElo "1254"]
[BlackElo "1378"]
[PlyCount "48"]
[EventDate "2003.??.??"]
[EventType "tourn (corr)"]
[EventRounds "6"]
[SourceTitle "Corr 2008"]
[Source "ChessBase"]
[SourceDate "2008.06.24"]
[SourceVersion "1"]
[SourceVersionDate "2008.06.24"]
[SourceQuality "1"]

1. e4 e5 2. Nf3 Nc6 3. Bb5 Nf6 4. 0-0 a6 5. Ba4 b5 6. Bb3 Bb7 7. Re1 Bc5 8. c3 Bb6 9. d4 d6 10. Bg5 h6 11. Bh4 0-0 12. dxe5 Nxe5 13. Nbd2 Nd3 14. Rf1 g5 15. Bg3 Nxe4 16. Nxe4 Bxe4 17. Qe2 Re8 18. Rfd1 Nc5 19. Re1 Nxb3 20. axb3 f5 21. Nd2 Bc2 22. Qh5 f4 23. Rxe8+ Qxe8 24. Qxe8+ Rxe8 0-1

[Event "IECC O email"]
[Site "IECC email"]
[Date "2003.07.10"]
[Round "?"]
[White "Iversen, David"]
[Black "Winnard, Fred"]
[Result "1-0"]
[WhiteElo "1339"]
[BlackElo "1437"]
[PlyCount "29"]
[EventDate "2003.??.??"]
[EventType "tourn (corr)"]
[EventRounds "6"]
[SourceTitle "Corr 2008"]
[Source "ChessBase"]
[SourceDate "2008.06.24"]
[SourceVersion "1"]
[SourceVersionDate "2008.06.24"]
[SourceQuality "1"]

1. e4 e5 2. Nf3 Nc6 3. Nc3 Nf6 4. Bb5 Bc5 5. 0-0 0-0 6. Nxe5 d6 7. Nxc6 bxc6 8. Bxc6 Ba6 9. Bxa8 Bxf1 10. Bc6 Ba6 11. d4 Bb6 12. Bg5 Qe7 13. Nd5 Qe6 14. Bxf6 gxf6 15. Bd7 1-0

[Event "IECC O email"]
[Site "IECC email"]
[Date "2002.10.09"]
[Round "?"]
[White "Vazquez Marquinez, Felipe"]
[Black "Iversen, David"]
[Result "1-0"]
[WhiteElo "1200"]
[BlackElo "1277"]
[PlyCount "69"]
[EventDate "2002.??.??"]
[EventType "tourn (corr)"]
[EventRounds "6"]
[SourceTitle "Corr 2008"]
[Source "ChessBase"]
[SourceDate "2008.06.24"]
[SourceVersion "1"]
[SourceVersionDate "2008.06.24"]
[SourceQuality "1"]

1. d4 d5 2. c4 c6 3. Nf3 Nf6 4. Nc3 dxc4 5. a4 e6 6. e3 Bd6 7. Bxc4 0-0 8. 0-0 c5 9. Qc2 cxd4 10. exd4 Nc6 11. Bg5 Be7 12. Rad1 b6 13. d5 Nxd5 14. Nxd5 exd5 15. Bxd5 Nb4 16. Bxf7+ Rxf7 17. Rxd8+ Bxd8 18. Qe4 Bxg5 19. Qxa8 Rf8 20. Nxg5 h6 21. Qe4 hxg5 22. Qxb4 Be6 23. Qe7 Bc4 24. Rc1 Rf7 25. Qxg5 Bb3 26. a5 Be6 27. axb6 axb6 28. Qd8+ Rf8 29. Qxb6 Bd5 30. Rc7 Bf7 31. Qd4 Re8 32. Kf1 Ra8 33. Qd7 Rf8 34. Qe7 g6 35. b4 1-0

[Event "IECC O email"]
[Site "IECC email"]
[Date "2002.07.11"]
[Round "?"]
[White "Iversen, David"]
[Black "Embrechts, Wim"]
[Result "1-0"]
[WhiteElo "1300"]
[BlackElo "1292"]
[PlyCount "33"]
[EventDate "2002.??.??"]
[EventType "tourn (corr)"]
[EventRounds "6"]
[SourceTitle "Corr 2008"]
[Source "ChessBase"]
[SourceDate "2008.06.24"]
[SourceVersion "1"]
[SourceVersionDate "2008.06.24"]
[SourceQuality "1"]

1. e4 e5 2. Nf3 Bd6 3. Nc3 Nf6 4. Bc4 0-0 5. 0-0 Nc6 6. d4 exd4 7. Nxd4 Nxd4 8. Qxd4 Re8 9. Bd2 Be5 10. Qd3 Bxh2+ 11. Kxh2 Ng4+ 12. Kg1 Ne3 13. fxe3 Re7 14. Rxf7 Rxf7 15. Rf1 Kh8 16. Rxf7 b6 17. Qd4 1-0

[Event "IECC O email"]
[Site "IECC email"]
[Date "2002.06.11"]
[Round "?"]
[White "Keber, Ernst"]
[Black "Iversen, David"]
[Result "1-0"]
[WhiteElo "1552"]
[BlackElo "1300"]
[PlyCount "85"]
[EventDate "2002.??.??"]
[EventType "tourn (corr)"]
[EventRounds "6"]
[SourceTitle "Corr 2008"]
[Source "ChessBase"]
[SourceDate "2008.06.24"]
[SourceVersion "1"]
[SourceVersionDate "2008.06.24"]
[SourceQuality "1"]

1. e4 e5 2. Nf3 Nc6 3. Bb5 Bc5 4. 0-0 Nf6 5. c3 Nxe4 6. Qe2 f5 7. d3 Nf6 8. d4 Be7 9. dxe5 Ne4 10. Nbd2 Nxd2 11. Bxd2 a6 12. Bc4 Na5 13. Rfe1 Nxc4 14. Qxc4 b5 15. Qd3 g6 16. a4 Rb8 17. Bh6 Bb7 18. b4 Be4 19. Qd4 Rg8 20. Qd1 g5 21. Nd4 Rg6 22. Qh5 c5 23. bxc5 Bxc5 24. Nb3 Bb6 25. Nd2 Bd5 26. axb5 axb5 27. Bg7 Qe7 28. Bf6 Qc5 29. Re3 f4 30. Re2 Qxc3 31. Rae1 Bg8 32. Ne4 Qc6 33. Nd6+ Kf8 34. Bxg5 Ba5 35. Qh4 Rg7 36. Qxf4+ Bf7 37. Rc1 Qa8 38. Nf5 Rb6 39. Nxg7 Rc6 40. Rxc6 Bd2 41. Qxd2 Qxc6 42. Nf5 Qa6 43. Qb4+ 1-0

[Event "IECC M email"]
[Site "IECC email"]
[Date "2002.01.19"]
[Round "?"]
[White "Iversen, David"]
[Black "Van der Merwe, Francois"]
[Result "1/2-1/2"]
[WhiteElo "1305"]
[BlackElo "1211"]
[PlyCount "104"]
[EventDate "2002.??.??"]
[EventType "tourn (corr)"]
[EventRounds "6"]
[SourceTitle "Corr 2008"]
[Source "ChessBase"]
[SourceDate "2008.06.24"]
[SourceVersion "1"]
[SourceVersionDate "2008.06.24"]
[SourceQuality "1"]

1. e4 e6 2. d4 d5 3. Nd2 c5 4. Ngf3 Nc6 5. exd5 exd5 6. dxc5 Bxc5 7. Bb5 Nge7 8. 0-0 0-0 9. Nb3 Bd6 10. Re1 a6 11. Be2 Qc7 12. c3 Ne5 13. Nbd4 N7c6 14. g3 Bc5 15. Nxe5 Nxe5 16. Bf4 Bd6 17. Bxe5 Bxe5 18. Nf3 Be6 19. Nxe5 Qxe5 20. Bxa6 Qf6 21. Bd3 Rfd8 22. Qc2 g6 23. a3 Bh3 24. Bf1 Bxf1 25. Rxf1 d4 26. cxd4 Rxd4 27. Rad1 Rad8 28. Rxd4 Qxd4 29. Re1 Qd3 30. Qxd3 Rxd3 31. Re3 Rd7 32. Re8+ Kg7 33. Re1 f5 34. f4 Kf6 35. b4 g5 36. fxg5+ Kxg5 37. Kf2 Kg4 38. Re2 h5 39. a4 Rd4 40. Rb2 f4 41. gxf4 Kxf4 42. a5 Ke5 43. b5 h4 44. a6 bxa6 45. b6 Rd8 46. Ra2 Kd6 47. Rxa6 Kc6 48. Kg2 Kb7 49. Ra4 Kxb6 50. Rxh4 Rd2+ 51. Kf3 Ra2 52. Rh8 Ra3+ 1/2-1/2